Statistiken für Kader Hertha BSC Berlin

Klicken Sie hier um das Quiz zu spielen!

Allgemein

  • Dieses Quiz wurde 222 mal gespielt
    (93 seit der letzten Aktualisierung)
  • Das Durchschnittsergebnis liegt bei 18 aus 37

Antwortstatistiken

#Spieler% Korrekt
31Márton Dárdai
93%
Pál Dárdai
93%
11Fabian Reese
82%
26Gustav Christensen
82%
1Oliver Christensen
82%
12Tjark Ernst
82%
20Marc Oliver Kempf
81%
7Florian Niederlechner
68%
37Toni Leistner
66%
2Peter Pekarik
62%
8Suat Serdar
62%
16Jonjoe Kenny
58%
41Pascal Klemens
58%
44Linus Gechter
56%
23Marco Richter
56%
35Marius Gersbeck
56%
34Deyovaisio Zeefuik
53%
14Dodi Lukébakio
53%
22Marten Winkler
53%
3Augustín Rogel
52%
39Derry Scherhant
48%
9Smail Prevljak
47%
33Robert Kwasigroch
44%
30Ibrahim Maza
41%
5Filip Uremovic
37%
19Jeremy Dudziak
36%
18Wilfried Kanga
32%
15Myziane Maolida
30%
43Tim Goller
26%
32Alexander Schwolow
25%
28Kelian Nsona
25%
42Julian Eitschberger
23%
45Tony Rölke
19%
38Veit Stange
19%
49Joel da Silva Kiala
7%
40Luca Wollschläger
7%
47Ruwen Werthmüller
4%

Verteilung der Resultate

Perzentil nach korrekt beantworteten Fragen

Anzahl Personen mit jedem Resultat

Ihre Resultats-Entwicklung

Sie haben dieses Quiz seit der letzten Aktualisierung nicht gespielt